000 00829nab a2200253 u 4500
001 10967
003 HDC
007 cr bn ---aaaaa
008 210206c mydr|nes 0 a may d
040 _aHDC
100 _aNoor Fazrina Kamal
_eauthor
_99749
245 0 _aJadi usahawan Super
_cby Noor Fazrina Kamal
260 _aKuala Lumpur :
_bUtusan Malaysia,
_c2012
336 _atext
_2rdacontent
337 _acomputer
_2rdamedia
338 _aonline resource
_2rdacarrier
650 _aEntrepreneur
_91863
650 _aSmall and medium enterprise
_98448
710 _aUtusan Malaysia
856 _zRequest full-text at [email protected]
942 _2lcc
942 _cNEWS
942 _kNWSC 0000318
999 _c8290
_d8290